| 000 | 00868nam a2200229 i 4500 | ||
|---|---|---|---|
| 001 | 73089 | ||
| 003 | ES-MaACL | ||
| 005 | 20230906171651.0 | ||
| 007 | t| | ||
| 008 | 040906s1955 sp ||||1| spa d | ||
| 100 | 1 |
_aGolobardes Vila, Miguel. _957712 |
|
| 245 | 1 | 0 |
_a"El Sepulcre" de Peralada / _cpor Miguel Golobardes Vila ; planos y dibujos de Ramón Reig. |
| 260 |
_a[Gerona] : _bBiblioteca Palacio Peralada, _c1955 ( _fCarreras) |
||
| 300 |
_a62 p., 1 lám. ; _c21 cm. |
||
| 490 | 1 |
_aPublicaciones Biblioteca Palacio Peralada, serie in 4º mayor ; _vIV |
|
| 610 | 2 | 4 |
_aOrden del Santo Sepulcro de Jerusalén. _9157585 |
| 651 | 4 |
_aPeralada- _xHistoria. _9157584 |
|
| 700 | 0 |
_aReig, Ramón. _995997 |
|
| 830 | 0 |
_aPublicaciones Biblioteca Palacio Peralada, serie in 4º mayor ; _vIV _9231147 |
|
| 852 |
_aES-MaACL _j1965-F-12 _bR.38468 |
||
| 999 |
_c73089 _d73089 |
||